Sports Quiz

Random Sports or Hockey Quiz

Odd Color Out: NHL Logos Quiz Stats

 Plays Quiz Updated Nov 28, 2017

Score 0/20 Timer 03:00
11 Plays Today
Question Answer Wrong Answers
Pittsburgh Penguins Blue
84%
Black
1.7%
Yellow
2.7%
White
1.9%
Boston Bruins Red
82.4%
White
2.4%
Black
1.9%
Yellow
3.3%
Montreal Canadiens Yellow
81%
White
1.6%
Red
2.5%
Blue
4.8%
St. Louis Blues Brown
78.5%
Yellow
5.7%
Blue
2.2%
White
3.5%
Columbus Blue Jackets Purple
76.8%
Blue
1.8%
Red
4.4%
Grey
6.6%
New York Islanders Yellow
76.8%
Orange
7.1%
Blue
3.2%
White
2.8%
Carolina Hurricanes Yellow
76.7%
Red
3.7%
White
3.9%
Black
5.8%
Buffalo Sabres Orange
76.5%
White
2.8%
Blue
3.9%
Yellow
6.8%
Edmonton Oilers Red
74.2%
Blue
3.7%
Orange
9.9%
White
2.3%
Minnesota Wild Purple
71.4%
Green
3%
Red
5.8%
Yellow
9.8%
Chicago Blackhawks Purple
67.9%
Brown
7.1%
Orange
7.5%
Green
7.8%
Nashville Predators Orange
67.1%
Yellow
5.3%
Blue
12.8%
White
4.7%
Vancouver Canucks Red
66.3%
Blue
5.6%
Grey
15.1%
White
3.2%
Ottawa Senators Grey
66.1%
Red
3.2%
Gold
14.7%
White
6.2%
Dallas Stars Blue
64.6%
Green
6%
Black
4.9%
Grey
14.8%
Colorado Avalanche Green
64.3%
Black
12.5%
Blue
5.2%
Red
7.8%
Anaheim Ducks Blue
52.2%
Black
4.1%
Orange
9.3%
Brown
24.8%
San Jose Sharks Red
49.6%
Orange
34.3%
Blue
3.7%
Black
2.6%
Winnipeg Jets Black
46.4%
Grey
20.7%
Red
18.6%
Blue
4.5%
Florida Panthers Black
20.8%
Red
6%
Brown
42.3%
Blue
21.1%

You're not logged in!

Compare scores with friends on all Sporcle quizzes.
OR
Log In

You Might Also Like...

Show Comments

Extras

Top Quizzes Today


Score Distribution

Your Account Isn't Verified!

In order to create a playlist on Sporcle, you need to verify the email address you used during registration. Go to your Sporcle Settings to finish the process.

Report this User

Report this user for behavior that violates our Community Guidelines.

Details: